Manufacturing’s new mandate : The tools for leadership
Kaydedildi:
| Yazar: | |
|---|---|
| Materyal Türü: | Kitap |
| Dil: | Undetermined |
| Baskı/Yayın Bilgisi: |
New York
Wiley
1988
|
| Konular: | |
| Etiketler: |
Etiketle
Etiket eklenmemiş, İlk siz ekleyin!
|
| Thư viện lưu trữ: | Trung tâm Học liệu Trường Đại học Cần Thơ |
|---|
| LEADER | 00559nam a2200217Ia 4500 | ||
|---|---|---|---|
| 001 | CTU_95850 | ||
| 008 | 210402s9999 xx 000 0 und d | ||
| 082 | |a 658.4 | ||
| 082 | |b C565 | ||
| 100 | |a Ciampa, Dan | ||
| 245 | 0 | |a Manufacturing’s new mandate : | |
| 245 | 4 | |b The tools for leadership | |
| 245 | 0 | |c Dan Ciampa | |
| 260 | |a New York | ||
| 260 | |b Wiley | ||
| 260 | |c 1988 | ||
| 650 | |a Manufacturing industries | ||
| 650 | |x Management | ||
| 650 | |z United states | ||
| 904 | |i Năm | ||
| 980 | |a Trung tâm Học liệu Trường Đại học Cần Thơ | ||